01020nam a2200229Ia 4500003000900000008004100009020001800050040001600068080002400084111010600108245020400214260005000418300001500468490003100483650004100514650001800555650003600573700002500609942000700634999001700641952013200658IN-BaIIA211028s9999 xx 000 0 eng d a0-88318-787-6 cIIA Library a533-469(082.1)bNON aTopical Conference on Nonlinear and Relativistic Effects in PlasmascCaliforniad1990 Feb. 5-8918503 0aNonlinear and relativistic effects in plasmasbproceedings of a topical conference held in San Diego, California, February. 5-8, 1990cedited by V. Stefan  aNew YorkbAmerican Institute of Physicsc1992 axvi, 764p. aResearch trends in physics aAstronomy and astrophysics thesaurus aPlasmas91898 aRelativistic astrophysics96801 aStefan, V. ed918504 cBK c10822d10822 00104070aBANbBANcGENd1993-10-12g3305.05l0o533-469(082.1)/ NONp11734r2021-11-05v3305.05w1993-10-12yBKGRs. 3305.05